Análisis Matemático T.4
| Main Authors: | , |
|---|---|
| Format: | Section = Libro |
| Language: | Undetermined Spanish |
| Published: |
Cuba
Profamilia
1983
|
| Subjects: |
| LEADER | 00634nam a2200229Ia 4500 | ||
|---|---|---|---|
| 008 | 240830s9999 xx 000 0 und d | ||
| 040 | |a B-ESTELÍ- RUACS / 515 F363 | ||
| 041 | |a spa | ||
| 082 | |a 515 F363 | ||
| 100 | 1 | |a Fernández Muñiz, José Luis | |
| 100 | 1 | |b De la Torre, Graciella | |
| 245 | 1 | 0 | |a Análisis Matemático T.4 |
| 260 | |a Cuba |b Profamilia |c 1983 | ||
| 300 | |a 355 p:il | ||
| 650 | 7 | |a ANÁLISIS MATEMATICO | |
| 650 | 7 | |b INTEGRALES DOBLES | |
| 650 | 7 | |c INTEGRALES TRIPLES Y MULTIPLES | |
| 650 | 7 | |d INTEGRALES DE LINEA | |
| 650 | 7 | |e INTEGRALES DE SUPERFICIE | |
| 942 | |c BK |2 ddc | ||
| 991 | |a TEXTO | ||
| 999 | |c 10928 | ||